[Event "Druzynowe Mistrzostwa Polski Juniorow 2018 - II Liga"]
[Site "Szczyrk"]
[Date "1899-12-30"]
[Round "10.43"]
[White "Kucharski, Bartlomiej"]
[Black "Nowak, Mikolaj"]
[Result "1/2-1/2"]
[WhiteTitle "I"]
[BlackTitle "I++"]
[WhiteElo "1861"]
[BlackElo "2015"]

1. e4 e5 2. Nf3 Nc6 3. Nc3 Nf6 4. Bb5 Bd6 5. d3 O-O 6. O-O h6 7. h3 Re8 8. Re1
Bf8 9. d4 exd4 10. Nxd4 Nxd4 11. Qxd4 c6 12. Bf1 d5 13. Bf4 dxe4 14. Qxd8 Rxd8
15. Nxe4 Nd5 16. Bd2 Bf5 17. a3 Rd7 18. c4 Nc7 19. Bc3 Rad8 20. Re2 Ne6 21. Rae1
b6 22. g3 Nd4 23. Bxd4 Rxd4 24. Re3 Be6 25. Rc3 Rd1 26. Rxd1 Rxd1 27. g4 f5 28.
gxf5 Bxf5 29. Re3 Rb1 30. b4 Ra1 31. Kg2 c5 32. b5 Bxe4+ 33. Rxe4 Rxa3 34. Re6
Kf7 35. Re2 Be7 36. Rc2 Bf6 37. Re2 a6 38. bxa6 Rxa6 39. Re3 Bd4 40. Rf3+ Ke6
41. Rf8 Ra2 42. Re8+ Kd6 43. Re2 Ra3 44. Re8 Rc3 45. Rf8 Bf6 46. Rb8 Rb3 47. Re8
Bd4 48. Be2 Rc3 49. Rb8 Kc7 50. Re8 Bf6 51. Re3 Rc2 52. Kf3 Bd4 53. Re8 Rc3+ 54.
Kg2 Kd7 55. Re4 Bf6 56. Re3 1/2-1/2

[Event "Druzynowe Mistrzostwa Polski Juniorow 2018 - II Liga"]
[Site "Szczyrk"]
[Date "1899-12-30"]
[Round "10.44"]
[White "Leskiewicz, Ignacy"]
[Black "Wolak, Kamil"]
[Result "1-0"]
[WhiteTitle "I+"]
[BlackTitle "II+"]
[WhiteElo "1856"]
[BlackElo "1579"]

1. e4 c5 2. Nf3 Nc6 3. d4 cxd4 4. Nxd4 e5 5. Nb5 a6 6. Nd6+ Bxd6 7. Qxd6 Qf6 8.
Qc7 Nge7 9. Nc3 Qg6 10. Be3 b5 11. O-O-O O-O 12. Qd6 Qxd6 13. Rxd6 Nd8 14. Nd5
Nxd5 15. Rxd5 Bb7 16. Rxe5 Ne6 17. Bd3 g6 18. Rc5 Nxc5 19. Bxc5 Rfe8 20. Re1 Re6
21. f3 Rc8 22. Bb4 f5 23. exf5 Rxe1+ 24. Bxe1 Kf7 25. fxg6+ hxg6 26. Kd2 Bd5 27.
b3 Be6 28. g4 Bd5 29. f4 Bf3 30. g5 Bg4 31. c4 bxc4 32. Bxc4+ Be6 33. Bd3 Bf5
34. Bc4+ Be6 35. Bd3 d5 36. Bf2 Bf5 37. Bxf5 gxf5 38. Bd4 Kg6 39. a4 Kh5 40. Kd3
Rc6 41. b4 Rc4 42. b5 Rxa4 43. b6 Rb4 44. Bc5 Rb1 45. Kd4 Rd1+ 46. Ke5 a5 47.
Bd4 a4 48. Kxd5 a3 49. b7 Rxd4+ 50. Kxd4 a2 51. Qb8 Qa1+ 52. Kd5 Qd1+ 53. Ke6
Kg4 54. h3+ Kxh3 55. Kxf5 Qd5+ 56. Qe5 Qf7+ 57. Qf6 Qd5+ 58. Kg6 Qg8+ 59. Kh6
Kg4 60. g6 Qb3 61. Qg5+ Kf3 62. f5 Qb8 63. g7 1-0

[Event "Druzynowe Mistrzostwa Polski Juniorow 2018 - II Liga"]
[Site "Szczyrk"]
[Date "1899-12-30"]
[Round "10.45"]
[White "Mirowska, Oliwia"]
[Black "Klimkowski, Jan"]
[Result "0-1"]
[WhiteTitle "I++"]
[BlackTitle "I"]
[WhiteElo "1429"]
[BlackElo "1898"]

1. e4 c5 2. Nf3 d6 3. Bb5+ Bd7 4. Bxd7+ Qxd7 5. O-O Nf6 6. Re1 g6 7. c3 Bg7 8.
d4 O-O 9. h3 Nc6 10. Qd3 d5 11. e5 c4 12. Qc2 Ne4 13. Nbd2 Nxd2 14. Bxd2 b5 15.
Ng5 e6 16. Qc1 b4 17. Nf3 Rfb8 18. Nh2 a5 19. Bh6 Bh8 20. Qf4 Ne7 21. g4 a4 22.
Nf3 a3 23. bxa3 bxc3 24. Rec1 Rxa3 25. Qe3 Rba8 26. Rc2 Nc6 27. Rxc3 Rxa2 28.
Rb1 Bg7 29. Bxg7 Kxg7 30. h4 Ra1 31. Rcc1 R8a3 32. Qf4 Rxb1 33. Rxb1 Rb3 34. Ra1
Qe7 35. h5 c3 36. h6+ Kg8 37. g5 c2 38. Nd2 Ra3 39. Rc1 Nb4 40. Qf6 Qxf6 41. exf6
Rc3 42. Kg2 Na2 43. Ra1 Qc1 44. Rxa2 Rc8 45. Nf3 Kf8 46. Ra7 Qf4 0-1

[Event "Druzynowe Mistrzostwa Polski Juniorow 2018 - II Liga"]
[Site "Szczyrk"]
[Date "1899-12-30"]
[Round "10.46"]
[White "Radoch, Filip"]
[Black "Bartuzi, Krzysztof"]
[Result "1/2-1/2"]
[WhiteTitle "II"]
[BlackTitle "II"]
[WhiteElo "1128"]
[BlackElo "1200"]

1. c4 f5 2. d4 g6 3. Nc3 Nf6 4. Nf3 Bg7 5. Bg5 O-O 6. g3 d6 7. Bg2 Qe8 8. O-O Kh8
9. Rc1 e5 10. dxe5 dxe5 11. Bxf6 Rxf6 12. e4 f4 13. Nd5 Rf7 14. Qe2 c6 15. Nc3
Qf8 16. h3 Be6 17. b3 Na6 18. Rcd1 Rd8 19. Ng5 Re7 20. Rxd8 Qxd8 21. Rd1 Qc8 22.
Nxe6 Qxe6 23. Qd2 fxg3 24. fxg3 Nc5 25. Qe3 b6 26. Rd8+ Re8 27. Qg5 h6 28. Rxe8+
Qxe8 29. Qd2 Kg8 30. Qd6 Qd7 31. Qxd7 Nxd7 32. Kf2 Kf7 33. Nd1 Nc5 34. Bf1 Nxe4+
35. Kf3 Nd2+ 36. Ke2 Ne4 37. Kf3 Nc5 38. Ke3 Ke6 39. Bg2 Kd6 40. Nc3 Bf6 41. Ne4+
Nxe4 42. Bxe4 g5 43. g4 c5 44. Kd2 Kc7 45. a4 1/2-1/2

[Event "Druzynowe Mistrzostwa Polski Juniorow 2018 - II Liga"]
[Site "Szczyrk"]
[Date "1899-12-30"]
[Round "10.47"]
[White "Wolak, Julia"]
[Black "Waligora, Julia"]
[Result "0-1"]
[WhiteTitle "I"]
[BlackTitle "I"]
[WhiteElo "1265"]
[BlackElo "1424"]

1. e4 e6 2. d4 d5 3. Nc3 Bb4 4. e5 c5 5. a3 Bxc3+ 6. bxc3 Qa5 7. Bd2 Qa4 8. Qg4
g6 9. h4 Nc6 10. Ne2 Nxe5 11. Qg3 Nc6 12. h5 Nge7 13. hxg6 Nxg6 14. Bh6 Rg8 15.
Qe3 Qxc2 16. Ng3 Nf8 17. Be2 c4 18. Bf3 Ne7 19. Nh5 Nd7 20. Ng7+ Rxg7 21. Bxg7
Nf5 22. Qd2 Qxd2+ 23. Kxd2 Nxg7 24. Rxh7 Kf8 25. Rh8+ Ke7 26. Rg8 Nf5 27. Rh1
Nf6 28. Rgh8 b6 29. g4 Nd6 30. R1h2 Bb7 31. Rxa8 Bxa8 32. Rg2 Bc6 33. Be2 Ba4
34. f3 Nb5 35. Rg1 Bb3 36. Ra1 a6 37. a4 Nc7 38. Bd1 Bxd1 39. Kxd1 Nd7 40. Kd2
Kf6 41. f4 Kg6 42. Rh1 Kg7 43. Ke3 Nf6 44. g5 Ne4 45. Rc1 b5 46. a5 Ne8 47. Ke2
N8d6 48. Kd1 Nf2+ 49. Kc2 Nd3 50. Rf1 Ne4 51. f5 Nxg5 52. f6+ Kg6 53. Rh1 b4 54.
Rh8 b3+ 55. Kb1 Ne4 0-1

[Event "Druzynowe Mistrzostwa Polski Juniorow 2018 - II Liga"]
[Site "Szczyrk"]
[Date "1899-12-30"]
[Round "10.48"]
[White "Malek, Sophie"]
[Black "Hals, Emilia"]
[Result "0-1"]
[WhiteTitle "III"]
[BlackTitle "I"]
[WhiteElo "1000"]
[BlackElo "1243"]

1. e4 c6 2. c4 d5 3. exd5 cxd5 4. cxd5 Nf6 5. Bc4 Nxd5 6. Qf3 Nf6 7. Ne2 Qc7 8.
Qb3 e6 9. O-O Bd6 10. g3 O-O 11. Nbc3 a6 12. Bd3 Nbd7 13. Ne4 Nxe4 14. Bxe4 Nc5
15. Qe3 Nxe4 16. Qxe4 Rb8 17. d3 b6 18. Be3 Bb7 19. Qc4 Qxc4 20. dxc4 Bc7 21.
c5 Bd5 22. Rfd1 Rfc8 23. a3 bxc5 24. Bxc5 Bxg3 25. b4 Be5 26. Rac1 Bb2 27. Ba7
Rxc1 28. Nxc1 Rb7 29. Bc5 Bxa3 30. Nd3 a5 31. bxa5 Bxc5 32. Nxc5 Rb5 33. Nd3 Rxa5
34. Rb1 h6 35. f4 Be4 36. Ne5 Bxb1 37. Nc4 Ra4 38. Nd2 Bd3 39. Kf2 Bf5 40. Kf3
Rd4 41. Nf1 Kh7 42. h4 Kg6 43. Ng3 Rd3+ 44. Kg2 Rxg3+ 45. Kxg3 Kh5 46. Kf3 Kxh4
47. Ke3 Kg3 48. Kd4 h5 49. Ke5 h4 50. Kd6 h3 51. Ke7 h2 52. Kxf7 Qh1 53. Kxg7
Kxf4 54. Kf6 Qh6+ 55. Ke7 Ke5 56. Kd7 Kd5 57. Ke7 Qg7+ 0-1

[Event "Druzynowe Mistrzostwa Polski Juniorow 2018 - II Liga"]
[Site "Szczyrk"]
[Date "1899-12-30"]
[Round "10.49"]
[White "Kulesza, Andrzej"]
[Black "Krawczyk, Flawian"]
[Result "1-0"]
[WhiteTitle "I"]
[BlackTitle "II"]
[WhiteElo "1918"]
[BlackElo "1425"]

1. e4 e6 2. d4 d5 3. Nd2 Nf6 4. e5 Nfd7 5. Bd3 c5 6. c3 Nc6 7. Ne2 cxd4 8. cxd4
f6 9. exf6 Nxf6 10. O-O Bd6 11. Nf3 O-O 12. Bf4 Bxf4 13. Nxf4 Ne4 14. Qc1 Qf6
15. Ne2 Bd7 16. Qe3 Ne7 17. Ng3 Nxg3 18. fxg3 Nc6 19. Bxh7+ Kh8 20. Ne5 Qh6 21.
Ng6+ Kxh7 22. Nxf8+ 1-0

[Event "Druzynowe Mistrzostwa Polski Juniorow 2018 - II Liga"]
[Site "Szczyrk"]
[Date "1899-12-30"]
[Round "10.50"]
[White "Kupiecki, Szymon"]
[Black "Urbanski, Wojciech"]
[Result "1-0"]
[WhiteTitle "I"]
[BlackTitle "II"]
[WhiteElo "1644"]
[BlackElo "1560"]

1. e4 c5 2. Nf3 a6 3. c3 e6 4. Be2 d5 5. exd5 exd5 6. d4 c4 7. O-O Nf6 8. b3 b5
9. a4 Bb7 10. axb5 axb5 11. Rxa8 Bxa8 12. Re1 Be7 13. Ba3 O-O 14. Bxe7 Qxe7 15.
Bxc4 Qb7 16. Bd3 Nc6 17. Qe2 b4 18. Ba6 Qb6 19. Qb5 Rb8 20. Qxb6 Rxb6 21. Bf1
Na5 22. cxb4 Nxb3 23. b5 Re6 24. Rxe6 fxe6 25. Bd3 Ne8 26. Bc2 Nc1 27. Nc3 Nd6
28. Kf1 Ne4 29. Nxe4 dxe4 30. Ng5 Bd5 31. b6 Nd3 32. Bxd3 exd3 33. Nxe6 Bxg2+
34. Ke1 Kf7 35. b7 Bxb7 36. Nd8+ Kf6 37. Nxb7 Ke6 38. Kd2 Kd5 39. Kxd3 1-0

[Event "Druzynowe Mistrzostwa Polski Juniorow 2018 - II Liga"]
[Site "Szczyrk"]
[Date "1899-12-30"]
[Round "10.51"]
[White "Paprocki, Antoni"]
[Black "Niedbala, Bartlomiej"]
[Result "0-1"]
[WhiteTitle "I"]
[BlackTitle "I++"]
[WhiteElo "1792"]
[BlackElo "2001"]

1. e4 c5 2. Nf3 d6 3. d4 cxd4 4. Nxd4 Nf6 5. Nc3 g6 6. Be3 Bg7 7. f3 O-O 8. Qd2
Nc6 9. O-O-O Nxd4 10. Bxd4 Be6 11. Kb1 b5 12. Nd5 Bxd5 13. exd5 b4 14. h4 Qa5
15. Be3 Rfc8 16. g4 Rc7 17. g5 Nd7 18. h5 Rac8 19. hxg6 Rxc2 20. gxh7+ Kh8 21.
Qxc2 Rxc2 22. Kxc2 Qxa2 23. Bd4 Qa4+ 24. Kc1 Bxd4 25. Rxd4 Nc5 26. Rf4 Qa1+ 27.
Kc2 b3+ 28. Kd2 Qxb2+ 29. Ke3 Qc1+ 30. Kf2 Qxf4 31. Be2 b2 0-1

[Event "Druzynowe Mistrzostwa Polski Juniorow 2018 - II Liga"]
[Site "Szczyrk"]
[Date "1899-12-30"]
[Round "10.52"]
[White "Lichorad, Mateusz"]
[Black "Jakubiec, Maurycy"]
[Result "1-0"]
[WhiteTitle "I"]
[BlackTitle "IV"]
[WhiteElo "1770"]
[BlackElo "1000"]

1. e4 c5 2. Nf3 a6 3. c3 e6 4. d4 cxd4 5. cxd4 d5 6. exd5 exd5 7. Bd3 Nf6 8. h3
Nc6 9. O-O Be7 10. Nc3 O-O 11. Be3 Re8 12. Rc1 Bd6 13. Bg5 h6 14. Bxf6 Qxf6 15.
Nxd5 Qe6 16. Re1 Qd7 17. Nb6 Rxe1+ 18. Qxe1 Qd8 19. Nxa8 Bd7 20. Qe4 g6 21. Bc4
Kg7 22. Ne5 Bxe5 23. dxe5 Bf5 24. Qe3 Qxa8 25. e6 fxe6 26. Bxe6 Qe8 27. Bxf5 Qxe3
28. fxe3 gxf5 29. Kf2 Kf6 30. Rd1 Ke6 31. Kf3 Ne5+ 32. Ke2 b5 33. b3 Nc6 34. g4
fxg4 35. hxg4 Ke5 36. Rh1 a5 37. Rxh6 Nb4 38. Rh5+ Ke4 39. Rxb5 Nxa2 40. Rxa5
Nc3+ 41. Kf2 Nd1+ 42. Kg3 Nxe3 43. g5 Nf1+ 44. Kg4 Ne3+ 45. Kh5 Nd5 46. Rxd5 1-0

[Event "Druzynowe Mistrzostwa Polski Juniorow 2018 - II Liga"]
[Site "Szczyrk"]
[Date "1899-12-30"]
[Round "10.53"]
[White "Mysliwiec, Natalia"]
[Black "Kulpa, Zuzanna"]
[Result "1/2-1/2"]
[WhiteTitle "I"]
[BlackTitle "I++"]
[WhiteElo "1377"]
[BlackElo "1818"]

1. e4 e5 2. Nf3 Nc6 3. Bb5 a6 4. Bxc6 dxc6 5. d4 exd4 6. Qxd4 Qxd4 7. Nxd4 Nf6
8. f3 Bc5 9. Be3 Bd7 10. Nc3 O-O-O 11. O-O-O Rhe8 12. Rhe1 Bd6 13. g3 c5 14. Nde2
h6 15. Bf4 Bf8 16. Nd5 Nxd5 17. Rxd5 g5 18. Be3 c6 19. Rd3 Kc7 20. Nc3 b5 21.
a3 Be6 22. Red1 Rxd3 23. Rxd3 Bc4 24. Rd2 Be6 25. Re2 Bc4 26. Rd2 Be6 27. Re2
Bc4 28. Rd2 Be6 1/2-1/2

[Event "Druzynowe Mistrzostwa Polski Juniorow 2018 - II Liga"]
[Site "Szczyrk"]
[Date "1899-12-30"]
[Round "10.54"]
[White "Kulpa, Karolina"]
[Black "Pudelko, Magdalena"]
[Result "1/2-1/2"]
[WhiteTitle "I"]
[BlackTitle "I"]
[WhiteElo "1323"]
[BlackElo "1358"]

1. e4 c5 2. Nf3 a6 3. Nc3 Nc6 4. d4 cxd4 5. Nxd4 Nf6 6. Bg5 e5 7. Nb3 Bb4 8. Bd3
h6 9. Bh4 O-O 10. O-O Bxc3 11. bxc3 d6 12. h3 Be6 13. Qf3 Rc8 14. Bxf6 Qxf6 15.
Qxf6 gxf6 16. Rfd1 Ne7 17. c4 Bxc4 18. Bxc4 Rxc4 19. Rxd6 Rxe4 20. Rd7 Nc6 21.
Rxb7 Rc4 22. Rb6 Ra8 23. Rc1 Nb4 24. a3 Nxc2 25. Nd2 Rcc8 26. Rxf6 Kg7 27. Rb6
Nxa3 28. Rxc8 Rxc8 29. Rxa6 Rc1+ 30. Kh2 Rd1 31. Nf3 Nc4 32. Rc6 Nd2 33. Nxd2
Rxd2 34. Kg1 1/2-1/2

[Event "Druzynowe Mistrzostwa Polski Juniorow 2018 - II Liga"]
[Site "Szczyrk"]
[Date "1899-12-30"]
[Round "10.55"]
[White "Kokoszczynski, Jan"]
[Black "Burdzicki, Jan"]
[Result "1-0"]
[WhiteTitle "k"]
[BlackTitle "II+"]
[WhiteElo "2111"]
[BlackElo "1613"]

1. c4 e6 2. Nf3 d5 3. e3 Nf6 4. b3 Nbd7 5. Bb2 c6 6. Be2 Bd6 7. d4 O-O 8. Nbd2
b6 9. O-O Bb7 10. Ne5 c5 11. f4 Ne4 12. Bd3 Be7 13. Qh5 Ndf6 14. Qh3 cxd4 15.
exd4 Nd6 16. Rae1 Nfe4 17. Nxe4 Nxe4 18. Bxe4 dxe4 19. f5 exf5 20. Qxf5 Qc8 21.
Nd7 g6 22. Nf6+ Bxf6 23. Qxf6 Qc6 24. d5 Qxf6 25. Bxf6 Rfe8 26. Rf4 b5 27. Rfxe4
Rxe4 28. Rxe4 bxc4 29. bxc4 Rc8 30. Re7 Ba6 31. d6 Bxc4 32. d7 Rf8 33. Re8 1-0

[Event "Druzynowe Mistrzostwa Polski Juniorow 2018 - II Liga"]
[Site "Szczyrk"]
[Date "1899-12-30"]
[Round "10.56"]
[White "Burdzicki, Stanislaw"]
[Black "Golecki, Jan"]
[Result "1-0"]
[WhiteTitle "II+"]
[BlackTitle "I++"]
[WhiteElo "1623"]
[BlackElo "2001"]

1. d4 Nf6 2. c4 e6 3. Nf3 b6 4. g3 Bb7 5. Bg2 Be7 6. O-O O-O 7. Nc3 d5 8. Ne5 Nbd7
9. Qa4 c5 10. Nxd7 Nxd7 11. cxd5 cxd4 12. Qxd4 Bf6 13. Qd1 Bxc3 14. bxc3 Bxd5
15. Bxd5 exd5 16. Qxd5 Nc5 17. Qf3 Rc8 18. Be3 Qf6 19. Qxf6 gxf6 20. Rac1 Ne4
21. c4 Rc6 22. Rc2 Rfc8 23. Rfc1 Nd6 24. c5 Nb7 25. Rc4 Nxc5 26. a4 Kf8 27. a5
Ke7 28. axb6 axb6 29. Rb1 Nd7 30. Rh4 Rh8 31. Rd4 Rb8 32. Rh4 b5 33. Rhb4 Rc2
34. Rxb5 Rxb5 35. Rxb5 Rxe2 36. Rh5 Ne5 37. Rxh7 Ke6 38. Kf1 Ra2 39. Rh4 Nf3 40.
Re4+ Kd5 41. Rf4 Ra1+ 42. Kg2 Ne1+ 43. Kh3 Ke6 44. Bd4 f5 45. Bxa1 Nd3 46. Rf3
Nc5 47. Re3+ Kd7 48. Kg2 Ne6 49. Rf3 f4 50. h4 f5 51. h5 Ke7 52. h6 Ng5 1-0

[Event "Druzynowe Mistrzostwa Polski Juniorow 2018 - II Liga"]
[Site "Szczyrk"]
[Date "1899-12-30"]
[Round "10.57"]
[White "Szemplinski, Jerzy"]
[Black "Kaliszuk, Kamil"]
[Result "1-0"]
[WhiteTitle "II"]
[BlackTitle "II"]
[WhiteElo "1411"]
[BlackElo "1457"]

1. e4 d6 2. d4 Nf6 3. Nc3 g6 4. Bc4 a6 5. Qe2 b5 6. Bb3 Bb7 7. Nf3 b4 8. e5 dxe5
9. Nxe5 Nd5 10. Qf3 f6 11. Nxd5 fxe5 12. Nf6+ exf6 13. Qxb7 Nd7 14. Qd5 Qc8 15.
Qf7+ Kd8 16. dxe5 Be7 17. Bh6 Bf8 18. e6 c5 19. exd7 Qxd7 20. Rd1 Bd6 21. Qxd7+
Kxd7 22. Bf4 Rae8+ 23. Kf1 Re4 24. Bxd6 Kc8 25. f3 Rh4 26. Kf2 c4 27. g3 Rh6 28.
Bxc4 Kb7 29. Bxb4 Rc8 30. Bb3 g5 31. h4 g4 32. fxg4 Rg6 33. Rd7+ Kb6 34. Re1 Rxg4
35. Re6+ Rc6 36. Ba5+ Kb5 37. a4+ Kxa5 38. Rxc6 Kb4 39. Rb7+ Ka5 40. Rc5# 1-0

[Event "Druzynowe Mistrzostwa Polski Juniorow 2018 - II Liga"]
[Site "Szczyrk"]
[Date "1899-12-30"]
[Round "10.58"]
[White "Binek, Dawid"]
[Black "Kazmierowski, Tymon"]
[Result "0-1"]
[WhiteTitle "II"]
[BlackTitle "II"]
[WhiteElo "1325"]
[BlackElo "1452"]

1. Nf3 d5 2. d4 Bf5 3. c4 e6 4. Nc3 c6 5. Qb3 Qb6 6. c5 Qc7 7. Bf4 Qc8 8. Nh4 Be7
9. Nxf5 exf5 10. Qa4 Nf6 11. f3 O-O 12. e3 Nh5 13. Bg3 Qe6 14. Kf2 Bg5 15. Re1
Re8 16. f4 Nxf4 17. Bxf4 Bxf4 18. Nd1 Bh6 19. Bd3 Nd7 20. b4 Nf6 21. h3 Ne4+ 22.
Bxe4 fxe4 23. Ke2 Qg6 24. g4 f5 25. gxf5 Qg2+ 26. Nf2 Qf3+ 27. Kd2 Qxf2+ 28. Re2
Bxe3+ 29. Kd1 Qf3 30. Re1 Bf2 0-1

[Event "Druzynowe Mistrzostwa Polski Juniorow 2018 - II Liga"]
[Site "Szczyrk"]
[Date "1899-12-30"]
[Round "10.59"]
[White "Krzysztynska, Anna"]
[Black "Orlik, Sandra"]
[Result "1/2-1/2"]
[WhiteTitle "I+"]
[BlackTitle "I++"]
[WhiteElo "1758"]
[BlackElo "1683"]

1. e4 c5 2. Nf3 e6 3. c3 d5 4. exd5 Qxd5 5. d4 Nf6 6. Na3 Nc6 7. Be3 cxd4 8. Nb5
Qd8 9. Nbxd4 Nd5 10. Bg5 Be7 11. Nxc6 bxc6 12. Bxe7 Qxe7 13. Bd3 O-O 14. O-O Bb7
15. Qc2 g6 16. Rfe1 Rfe8 17. Rad1 Qc7 18. a3 Nf4 19. Bc4 c5 20. Ne5 Re7 21. f3
f6 22. Ng4 Kg7 23. Qd2 h5 24. Nf2 Nd5 25. Qe2 Rae8 26. Ne4 Rd8 27. Qf2 Rc8 28.
Qh4 Rf8 29. Qf2 Rc8 30. Qh4 Rf8 31. Qf2 1/2-1/2

[Event "Druzynowe Mistrzostwa Polski Juniorow 2018 - II Liga"]
[Site "Szczyrk"]
[Date "1899-12-30"]
[Round "10.60"]
[White "Bienek, Magdalena"]
[Black "Moscicka, Alicja"]
[Result "1-0"]
[WhiteTitle "II"]
[BlackTitle "II"]
[WhiteElo "1149"]
[BlackElo "1000"]

1. c4 e5 2. Nc3 Nc6 3. g3 g6 4. Bg2 Bg7 5. Nf3 d6 6. d3 Be6 7. O-O Qd7 8. Bd2 Nge7
9. Rb1 Nf5 10. b4 Nce7 11. Ng5 Rb8 12. Nxe6 Qxe6 13. Qa4+ c6 14. Qxa7 O-O 15.
Qa4 Ra8 16. Qb3 Nd4 17. Qb2 b5 18. e3 Ndf5 19. cxb5 Rfc8 20. bxc6 Rab8 21. b5
d5 22. Qb3 d4 23. Qxe6 fxe6 24. exd4 exd4 25. Ne4 Nd5 26. Nc5 Nc7 27. b6 Ne8 28.
b7 Rc7 29. Na6 Re7 30. Nxb8 Nc7 31. Nd7 Na6 32. Qb8+ Nxb8 33. Nxb8 Nd6 34. Bb4
Nf5 35. Bxe7 Nxe7 36. Rb7 Nc8 37. Bh3 Nd6 38. Bxe6+ Kf8 39. c7 1-0

[Event "Druzynowe Mistrzostwa Polski Juniorow 2018 - II Liga"]
[Site "Szczyrk"]
[Date "1899-12-30"]
[Round "10.62"]
[White "Ciasnocha, Michal"]
[Black "Nowak, Patrycja"]
[Result "1-0"]
[WhiteTitle "I"]
[BlackTitle "II"]
[WhiteElo "1723"]
[BlackElo "1160"]

1. d4 d5 2. c4 c6 3. Nc3 Nf6 4. Nf3 Bg4 5. cxd5 cxd5 6. Ne5 Bd7 7. e3 a6 8. Be2
e6 9. O-O Bd6 10. Nxd7 Nbxd7 11. f3 Qc7 12. f4 O-O 13. Bd2 Rac8 14. Rc1 Qb6 15.
Rf3 Ne4 16. Na4 Qa7 17. Be1 Rc7 18. Rxc7 Bxc7 19. Nc3 f5 20. Nxe4 fxe4 21. Rf2
Rc8 22. Bg4 Nf8 23. f5 Qb8 24. fxe6 Bxh2+ 25. Kh1 Ng6 26. e7 Re8 27. Be6+ Kh8
28. Qh5 Bg3 29. Bf7 1-0

[Event "Druzynowe Mistrzostwa Polski Juniorow 2018 - II Liga"]
[Site "Szczyrk"]
[Date "1899-12-30"]
[Round "10.63"]
[White "Franc, Piotr"]
[Black "Babiarz, Arkadiusz"]
[Result "0-1"]
[WhiteTitle "II"]
[BlackTitle "I++"]
[WhiteElo "1196"]
[BlackElo "1810"]

1. e4 c5 2. Nf3 e6 3. d4 cxd4 4. Nxd4 a6 5. Nc3 Qc7 6. Qf3 Nf6 7. Qg3 d6 8. Be3
Nbd7 9. f3 b5 10. O-O-O Ne5 11. h3 Bb7 12. a3 Be7 13. f4 Nc4 14. Bxc4 Qxc4 15.
e5 dxe5 16. fxe5 Ne4 17. Nxe4 Bxe4 18. Qxg7 O-O-O 19. c3 Bxa3 20. Nc2 Qxc3 0-1

[Event "Druzynowe Mistrzostwa Polski Juniorow 2018 - II Liga"]
[Site "Szczyrk"]
[Date "1899-12-30"]
[Round "10.64"]
[White "Biesiadecki, Adam"]
[Black "Dopierala, Adam"]
[Result "1-0"]
[WhiteTitle "II"]
[BlackTitle "II"]
[WhiteElo "1415"]
[BlackElo "1164"]

1. d4 d5 2. Nf3 Nf6 3. Bg5 e6 4. e3 Be7 5. c4 Nbd7 6. Nc3 c6 7. c5 O-O 8. b4 b6
9. Be2 a5 10. a3 Ba6 11. O-O Bxe2 12. Qxe2 axb4 13. axb4 b5 14. Qb2 Re8 15. Rxa8
Qxa8 16. Ra1 Qb7 17. Nd2 e5 18. Nb3 Bd8 19. g3 h6 20. Bxf6 Nxf6 21. Ra3 Nd7 22.
Qa1 Nb8 23. dxe5 Rxe5 24. Nxb5 Bf6 25. N5d4 Qxb4 26. Ra8 Re6 27. Qa7 Bxd4 28.
Rxb8+ 1-0

[Event "Druzynowe Mistrzostwa Polski Juniorow 2018 - II Liga"]
[Site "Szczyrk"]
[Date "1899-12-30"]
[Round "10.65"]
[White "Roszkiewicz, Anna"]
[Black "Polak, Sylwia"]
[Result "1/2-1/2"]
[WhiteTitle "I++"]
[BlackTitle "I"]
[WhiteElo "1666"]
[BlackElo "1519"]

1. e4 c5 2. Nf3 e6 3. d4 cxd4 4. Nxd4 a6 5. Bd3 Qc7 6. Nc3 Nf6 7. O-O Be7 8. Be3
O-O 9. f4 d6 10. Qf3 Nbd7 11. Nb3 b5 12. a3 Bb7 13. Nd4 Rac8 14. Rfe1 g6 15. Bf2
e5 16. Nde2 Nb6 17. Rad1 Nc4 18. Bxc4 Qxc4 19. Ng3 a5 20. Rd2 Rfe8 21. f5 Kg7
22. Qe2 Qxe2 23. Rexe2 Ba6 24. Re1 h5 25. fxg6 fxg6 26. h3 Rc6 27. Na2 Rec8 28.
c3 Nd7 29. Nf1 Nb6 30. Ne3 Nc4 31. Nxc4 Rxc4 32. Bb6 a4 33. Nb4 Bb7 34. Rde2 Bd8
1/2-1/2

[Event "Druzynowe Mistrzostwa Polski Juniorow 2018 - II Liga"]
[Site "Szczyrk"]
[Date "1899-12-30"]
[Round "10.66"]
[White "Krzanowska, Liliana"]
[Black "Roszkiewicz, Zofia"]
[Result "1-0"]
[WhiteTitle "I"]
[BlackTitle "I"]
[WhiteElo "1000"]
[BlackElo "1265"]

1. Nf3 d5 2. d4 Nf6 3. e3 c6 4. c4 e6 5. Nc3 Nbd7 6. Qc2 Bd6 7. g4 Nxg4 8. Rg1
Nxh2 9. Nxh2 Bxh2 10. Rxg7 Qh4 11. cxd5 cxd5 12. e4 Nf6 13. Bg5 Qh5 14. Bxf6 Qh6
15. e5 1-0

[Event "Druzynowe Mistrzostwa Polski Juniorow 2018 - II Liga"]
[Site "Szczyrk"]
[Date "1899-12-30"]
[Round "10.67"]
[White "Grochol, Kamil"]
[Black "Grzegorski, Michal"]
[Result "1-0"]
[WhiteTitle "I"]
[BlackTitle "II"]
[WhiteElo "1726"]
[BlackElo "1416"]

1. e4 c5 2. Nf3 Nc6 3. Nc3 e6 4. d4 cxd4 5. Nxd4 Qb6 6. Nb3 Nf6 7. Be3 Qc7 8. f4
d6 9. Bd3 a6 10. a4 b6 11. O-O Be7 12. Qf3 O-O 13. Rae1 Bb7 14. Qh3 e5 15. Nd5
Qc8 16. Qxc8 Raxc8 17. Nxb6 Rc7 18. c3 Nb8 19. Nd2 Ng4 20. Nbc4 Nxe3 21. Nxe3
Nd7 22. Nf5 Nc5 23. Bc2 exf4 24. Rxf4 Bg5 25. Rf2 Rd8 26. Nf3 Bf6 27. N5d4 Re7
28. Rfe2 Rde8 29. Nf5 Re6 30. N3d4 Bxd4+ 31. Nxd4 Re5 32. Nf5 d5 33. Nd6 R8e7
34. Nxb7 Nxb7 35. Kf2 dxe4 36. Rxe4 Rxe4 37. Rxe4 Rxe4 38. Bxe4 Nc5 39. Bc2 Kf8
40. b4 Ne6 41. a5 Ke7 42. Bd3 Nc7 43. c4 Kd6 44. Ke3 h6 45. b5 axb5 46. cxb5 Kc5
47. b6 Nd5+ 48. Kd2 Ne7 49. Be4 Kd6 50. a6 Nc8 51. b7 Kc7 52. Qbxc8+ Kxc8 53.
a7 1-0

[Event "Druzynowe Mistrzostwa Polski Juniorow 2018 - II Liga"]
[Site "Szczyrk"]
[Date "1899-12-30"]
[Round "10.68"]
[White "Jedraszek, Pawel"]
[Black "Oles, Martin"]
[Result "1-0"]
[WhiteTitle "I"]
[BlackTitle "II+"]
[WhiteElo "1507"]
[BlackElo "1488"]

1. e4 g6 2. d4 Bg7 3. Nc3 a6 4. f4 b5 5. Nf3 Bb7 6. Bd3 d6 7. Ne2 Nd7 8. c3 e6
9. O-O Ne7 10. Be3 c5 11. h3 c4 12. Bc2 O-O 13. Qe1 f5 14. e5 dxe5 15. fxe5 Nd5
16. Bd2 f4 17. h4 N7b6 18. Ng5 Qe7 19. Bxf4 h6 20. Ne4 Nxf4 21. Nxf4 Rab8 22.
Nxg6 Rxf1+ 23. Qxf1 Qf7 24. Qxf7+ Kxf7 25. Nd6+ Kg8 26. Nf4 Bd5 27. Nxd5 Nxd5
28. Bg6 Nc7 29. Kf2 Bf8 30. g3 Kg7 31. Be4 Bxd6 32. exd6 Ne8 33. d7 Nf6 34. Bc6
Kf7 35. Re1 Ke7 36. d5 Nxd7 37. Rxe6+ Kd8 38. Rd6 1-0

[Event "Druzynowe Mistrzostwa Polski Juniorow 2018 - II Liga"]
[Site "Szczyrk"]
[Date "1899-12-30"]
[Round "10.69"]
[White "Jendrowiak, Maciej"]
[Black "Rosinski, Filip"]
[Result "1-0"]
[WhiteTitle "II"]
[BlackTitle "II"]
[WhiteElo "1252"]
[BlackElo "1345"]

1. d4 d5 2. c4 c6 3. Nc3 Nf6 4. Nf3 Bg4 5. cxd5 cxd5 6. Qb3 b6 7. Ne5 e6 8. Bg5
Bf5 9. e4 dxe4 10. Bb5+ Ke7 11. Qb4+ Qd6 12. Qxd6+ Kxd6 13. Nxf7+ Ke7 14. Nxh8
h6 15. Bxf6+ gxf6 16. g4 Bh7 17. d5 Bg7 18. Bc4 e5 19. d6+ Ke8 20. Bd5 1-0

[Event "Druzynowe Mistrzostwa Polski Juniorow 2018 - II Liga"]
[Site "Szczyrk"]
[Date "1899-12-30"]
[Round "10.70"]
[White "Wawrzyniak, Karol"]
[Black "Rzepka, Marcin"]
[Result "1/2-1/2"]
[WhiteTitle "II"]
[BlackTitle "III"]
[WhiteElo "1222"]
[BlackElo "1193"]

1. e4 e5 2. Nf3 Nc6 3. Bc4 Bc5 4. O-O Nf6 5. d3 h6 6. Be3 Bb6 7. Nc3 d6 8. h3 O-O
9. Qd2 Be6 10. Bb3 Qd7 11. Nh2 d5 12. Bxb6 axb6 13. Rad1 d4 14. Ne2 Bxb3 15. axb3
Ra2 16. Ra1 Rfa8 17. Rxa2 Rxa2 18. f4 exf4 19. Nxf4 Qe7 20. Nf3 Rxb2 21. Ra1 Qb4
22. Qc1 Qc3 23. Ne1 Na5 24. Ne2 Nxb3 25. cxb3 Rxe2 26. Qxc3 dxc3 27. Rc1 Nd7 28.
Kf1 Rb2 29. Rxc3 Nc5 30. d4 Nxe4 31. Rxc7 Nd2+ 32. Kg1 Nxb3 33. Nf3 Na5 34. d5
Rb1+ 35. Kf2 Rd1 36. Rd7 Rc1 37. d6 Rc8 38. Rc7 Rd8 39. d7 Kf8 40. Ne5 Nc6 41.
Rc8 Ke7 42. Nxc6+ bxc6 43. Rxc6 Rxd7 44. Rxb6 1/2-1/2